000 00662nam a22002177a 4500
005 20161003111243.0
008 161003b xxu||||| |||| 00| 0 eng d
020 _a9781138191310
_c1095.00
040 _aLoreto College
041 _aEnglish
082 _a891.4
_bABR
245 _aDalit literatures in India
_cEdited by Joshil K.Abraham and Judith Misrahi-Barak
260 _aRoutledge
_bOxon
_c2016
300 _axv,349p
_b22cm
504 _aIncludes bibliographical references
650 _aDalit literature-Criticism and interpretation
700 _4ed.
_aAbraham,Joshil K.
700 _4ed.
_aMisrahi-Barak,Judith
850 _aLCLIB
_bPG
942 _cBK
999 _c40774
_d91253